• 首页
  • 本馆介绍
  • 公告通知
  • 最新文献
  • 馆藏检索
  • 电子资源
  • 读者导购
  • 参考咨询
  • 我的图书馆
  • 登录
  • 详细信息显示
  • 放入我的书架
  • 预约/预借图书
  • 作者相关作品
  • 分类相关作品
  • 丛书相关作品
  • 出版社相关作品

书目信息

  • 表格格式
  • 工作单格式
  • 卡片格式
题名:
一生不可不知道的中国玉器
    
 
作者: 唐译 编著
分册:  
出版信息: 北京   企业管理出版社  2013.04
页数: 256页
开本: 23cm
丛书名: 中华国粹系列
单 册:
中图分类: K876.84
科图分类:
主题词: 玉器--介绍--中国 , 玉器
电子资源:
ISBN: 978-7-5164-0308-2
000 00852oam2 2200277 450
001 012013135729
005 20130627155914.09
010    @a978-7-5164-0308-2@dCNY48.00
100    @a20130615d2013 em y0chiy0110 ea
101 0  @achi
102    @aCN@b110000
105    @aa z 000yy
106    @ar
200 1  @a一生不可不知道的中国玉器@9yi sheng bu ke bu zhi dao de zhong guo yu qi@f唐译编著
210    @a北京@c企业管理出版社@d2013.04
215    @a256页@c图@d23cm
225 2  @a中华国粹系列
330    @a本书主要内容包括:玉器的产生;玉器的发展;玉器鉴别常识;玉器的保藏;中国玉器市场的投资走向。
333    @a玉器收藏爱好者
461  0 @12001 @a中华国粹系列
606 0  @a玉器@x介绍@y中国
606 0  @a玉器
690    @aK876.84@v5
701  0 @a唐译@9tang yi@4编著
801  0 @aCN@b人天书店@c20130615
905    @b546864-67@dK876.84@e288@f4
    
    一生不可不知道的中国玉器/唐译编著.-北京:企业管理出版社,2013.04
    256页:图;23cm.-(中华国粹系列)
    使用对象:玉器收藏爱好者
    
    ISBN 978-7-5164-0308-2:CNY48.00
    本书主要内容包括:玉器的产生;玉器的发展;玉器鉴别常识;玉器的保藏;中国玉器市场的投资走向。
●
相关链接 在E读中查询图书 在五车中查询图书 在当当中查询图书 在豆瓣中查询图书


正题名:一生不可不知道的中国玉器     索取号:K876.84/288         预约/预借

序号 登录号 条形码 馆藏地/架位号 状态 备注
1 546864   205468643   第二样本阅览室/ [索取号:K876.84/288] 在馆    
2 546865   205468652   第二借阅区/ [索取号:K876.84/288] 在馆    
3 546866   205468661   第二借阅区/ [索取号:K876.84/288] 在馆    
4 546867   205468670   第二借阅区/ [索取号:K876.84/288] 在馆    
唐山师范学院图书馆 欢迎您!
大连网信软件有限公司© 版权所有